000
00319nam a2200121Ia 4500
005
20251222141951.0
008
251222s9999||||xx |||||||||||||| ||spa||
082
_a
372.89/R78
100
_a
Rojas Galarza, Carlos
245
0
_a
Didáctica de las Ciencias Histórico-Sociales
264
_b
Derrama Magisterial
942
_c
LIB
999
_c
9696
_d
9696